00623nam a22001812 4500001001100000005001700011008004100028020001700069040001500086245014700101250001300248260004100261300001200302650005300314650004400367650002700411852000300438000002142720151217152231.0120507s xx 000 0 eng d a1450254205 : aKABUcKABU10aConsistently opposing killing :bfrom abortion to assisted suicide, the death penalty, and war /cedited by Rachel M. MacNair & Stephen Zunes. a2nd ed. aBloomington, IN :biUniverse,c2011. a204 p. 0aViolencexMoral and ethical aspects.@0000182275 0aLife and death, Power over.@0000182276 0aBioethics.@00001784981